| 000 | 00628nam a22002297a 4500 | ||
|---|---|---|---|
| 005 | 20170124105956.0 | ||
| 010 | _a663987 | ||
| 020 | _c00.00 | ||
| 035 | _a663987 | ||
| 037 | _bCen Lib/Ret | ||
| 040 |
_aDPL _bEN |
||
| 082 |
_a100 _bPER |
||
| 100 |
_aPerry, Whitall N. _914693 |
||
| 245 |
_aA treasury of traditional wisdom / _cpresented by Whitall N. Perrry |
||
| 260 |
_aLondon _bGeorge Allen and Unwin Ltd _c1971 |
||
| 270 | _bLondon | ||
| 300 |
_a1144p. : _c24cm(Hb) |
||
| 500 | _aIncludes index | ||
| 650 |
_aSpiritual life. _98840 |
||
| 650 |
_aReligion. _914694 |
||
| 942 |
_2ddc _cEN _h100 _mPER |
||
| 999 |
_c125538 _d125538 |
||